000 00825cam a2200313 4500
008 090401t1997 xxu||||| |||| 00| 0 eng d
020 _a0905835719
035 _a(Sirsi) u84747
041 _aeng
050 _a346.4104343
100 _aFogel, Steven
245 _aPrivity of contract: a practitioner`s guide.
250 _a2nd ed.
260 _aGuildford
_bCollege of Law
_c1997
300 _axxi,244p. ; 21cm.
350 _a19.99
650 _aASSIGNMENT
650 _aLANDLORD AND TENANT (COVENANTS) ACT 1995
650 _aLEASE VARIATIONS
650 _aLEASES
650 _aOVERRIDING LEASES
650 _aPRIVITY OF CONTRACT
690 _aPROPERTY-LANDLORD AND TENANT
700 _aRiley, Alan
700 _aRogers, Philip
700 _aSlessenger, Emma
942 _n0
948 _c06/03/1998
999 _c96973
_d96973